000 00434cam a22001217a 4500
008 180718b xxu||||| |||| 00| 0 eng d
082 _aT112x5422
245 _aEstimates of state income of Madhya Pradesh
_cby Directorate of Economics and Statistics
260 _a
_bGovernment of Madhya Pradesh
_c
300 _av.p.
500 _aContents: Library has 1950-51 to 1962-70
700 _aMadhya Pradesh. Directorate of Economics and Statistics
999 _c496826
_d496826